Vyakhyanmala (Bhag 3) (Record no. 362895)

MARC details
000 -LEADER
fixed length control field 003330000a22001450004500
005 - DATE AND TIME OF LATEST TRANSACTION
control field 20120302064724.0
040 ## - CATALOGING SOURCE
Original cataloging agency Hin
100 ## - MAIN ENTRY--PERSONAL NAME
Personal name
--
Numeration
Titles and other words associated with a name
245 ## - TITLE STATEMENT
Title Vyakhyanmala (Bhag 3)
260 ## - PUBLICATION, DISTRIBUTION, ETC. (IMPRINT)
Place of publication, distribution, etc Yoga niketan trust,1980.
300 ## - PHYSICAL DESCRIPTION
Extent 351p.
365 ## - TRADE PRICE
Price amount 30/-
650 ## - SUBJECT ADDED ENTRY--TOPICAL TERM
Topical term or geographic name as entry element Vyakhyanmala,Swami yogeshwaranand sarswati
942 ## - ADDED ENTRY ELEMENTS (KOHA)
Koha item type Book
Holdings
Withdrawn status Lost status Damaged status Not for loan Home library Current library Date acquired Total Checkouts Barcode Date last seen Price effective from
        Institute For Oriental Study, Thane Institute For Oriental Study, Thane 12/02/2009   IOS-H 23949 12/02/2009 12/02/2009